000 01375nam a22002894a 4500
005 20090930132755.0
008 051207s2006 nyu | 00| f eng
010 _aB-359090
020 _a9788172235154
_c250.00
020 _a8172235151
_c250.00
035 _aB-359090
037 _bPansy Books
040 _adpl
_bEnglish
082 _aN
100 _aCoelho, Paulo
245 _aThe devil and Miss Prym :
_ba novel of temptation /
_cby Paulo Coelho ; translated by Amanda Hopkinson and Nick Caistor.
260 _aNew Delhi
_bHarperCollins Publishers
_c2008
270 _a1A Hamilton House, Connaught Place
_bNew Delhi
_e110001
300 _aix, 201 p.
_c22cm(pbk)
700 _aHopkinson, Amanda
700 _aCaistor, Nick.
942 _2ddc
_cEN
_hN
_mCOE
999 _c30735
_d30735